<?xml version="1.0" encoding="UTF-8"?>
<record
    xmlns:xsi="http://www.w3.org/2001/XMLSchema-instance"
    xsi:schemaLocation="http://www.loc.gov/MARC21/slim http://www.loc.gov/standards/marcxml/schema/MARC21slim.xsd"
    xmlns="http://www.loc.gov/MARC21/slim">

  <leader>00392nam a2200133Ia 4500</leader>
  <datafield tag="050" ind1=" " ind2=" ">
    <subfield code="a">PN 4784 </subfield>
    <subfield code="b">B75W5 2013</subfield>
  </datafield>
  <datafield tag="100" ind1=" " ind2=" ">
    <subfield code="a">BARNAS,FRANK  AND TED WHITE</subfield>
    <subfield code="9">4019</subfield>
  </datafield>
  <datafield tag="245" ind1=" " ind2="0">
    <subfield code="a">BROADCAST NEWS:WRITING,REPORTING,AND PRODUCING</subfield>
  </datafield>
  <datafield tag="020" ind1=" " ind2=" ">
    <subfield code="a">9780240823713</subfield>
  </datafield>
  <datafield tag="260" ind1=" " ind2=" ">
    <subfield code="a">FOACAL PRESS</subfield>
    <subfield code="b">LONDON,UK</subfield>
    <subfield code="c">2013</subfield>
  </datafield>
  <datafield tag="040" ind1=" " ind2=" ">
    <subfield code="c">Chuka University Library</subfield>
  </datafield>
  <datafield tag="942" ind1=" " ind2=" ">
    <subfield code="c">BK</subfield>
  </datafield>
  <controlfield tag="008">230105s9999||||xx |||||||||||||| ||und||</controlfield>
  <datafield tag="952" ind1=" " ind2=" ">
    <subfield code="0">0</subfield>
    <subfield code="1">0</subfield>
    <subfield code="2">lcc</subfield>
    <subfield code="4">0</subfield>
    <subfield code="7">0</subfield>
    <subfield code="8">LGL</subfield>
    <subfield code="a">EMB</subfield>
    <subfield code="b">EMB</subfield>
    <subfield code="c">GEN</subfield>
    <subfield code="d">2025-04-02</subfield>
    <subfield code="l">0</subfield>
    <subfield code="o">PN 4784 .B75W5 2013</subfield>
    <subfield code="p">11318/2014</subfield>
    <subfield code="r">2023-01-05 00:00:00</subfield>
    <subfield code="t">4</subfield>
    <subfield code="w">2025-04-02</subfield>
    <subfield code="y">BK</subfield>
  </datafield>
  <datafield tag="999" ind1=" " ind2=" ">
    <subfield code="c">6418</subfield>
    <subfield code="d">6418</subfield>
  </datafield>
</record>
